Statistics for venomous or poisonous

Click here to take the quiz!

General Stats

  • This quiz has been taken 36 times
  • The average score is 4 of 6

Answer Stats

QuestionAnswer% Correct
emu (give you an easy one)none of the above
96%
dart frogpoisonous
93%
king brown snakevenomous
86%
pythonsnone of the above
68%
platypusvenomous
57%
blue-ringed octopusboth
7%

Score Distribution

Percentile by Number Answered

Percent of People with Each Score

Your Score History

You have not taken this quiz